000 00576nam a2200229Ia 4500
003 OSt
005 20220926040338.0
006 a|||||r|||| 00| 0
007 ta
008 220923b |||||||| |||| 00| 0 eng d
037 _cGeneral Book
040 _aRTL
_cRTL
_beng
041 _2eng
_aeng
082 _aX6k, K2
100 _aMunn Glen G
_9343512
245 0 _aEncyclopaedia of banking and finance ed by F L Gar
250 _a6th
260 _c1962
650 _aCredit
_9234994
942 _hX6k, K2
_cGB
_2CC
999 _c664526
_d664526